000 00581nam a2200253Ia 4500
005 20260121161040.0
008 008 260114s9999 xx 000 0 eng d
020 _a9780203499627
037 _aEBOOK
040 _aCRL
040 _beng
040 _cCRL
041 _2eng
041 _aeng
084 _qCRL
100 _a Judith Butler
_91039577
245 0 _aUndoing Gender
260 _bTaylor and Francis
260 _c2005
856 _uhttp://www.taylorfrancis.com/books/9780203499627
942 _cEBOOK
999 _c1606393
_d1606393